000 00138nam a22000857a 4500
082 _a823
100 _aSUDIP N
245 _aUNITY
942 _cBK
999 _c8188
_d8188